Les pokémons de la 2ème génération - Statistiques

Statistiques générales
  • Ce quiz a été pris 21 fois
  • Le résultat moyen est 64 sur 100
Statistiques - réponses
Numéro Pokémon % Correct
152 Germignon
100%
155 Héricendre
100%
159 Crocrodil
93%
158 Kaiminus
93%
153 Macronium
93%
154 Méganium
93%
157 Typhlosion
93%
160 Aligatueur
86%
156 Feurisson
86%
171 Lanturn
86%
170 Loupio
86%
162 Fouinar
79%
161 Fouinette
79%
163 Hoothoot
79%
173 Mélo
79%
168 Migalos
79%
167 Mimigal
79%
164 Noarfang
79%
169 Nostenfer
79%
184 Azumarill
71%
251 Celebi
71%
212 Cizayox
71%
239 Elekid
71%
244 Entei
71%
215 Farfuret
71%
188 Floravol
71%
250 Ho-Oh
71%
180 Lainergie
71%
238 Lippouti
71%
249 Lugia
71%
240 Magby
71%
183 Marill
71%
196 Mentali
71%
197 Noctali
71%
181 Pharamp
71%
243 Raikou
71%
208 Steelix
71%
245 Suicune
71%
175 Togepi
71%
176 Togetic
71%
179 Wattouat
71%
221 Cochignon
64%
198 Cornèbre
64%
189 Cotovol
64%
165 Coxy
64%
166 Coxyclaque
64%
236 Debugant
64%
229 Démolosse
64%
187 Granivol
64%
192 Héliatronc
64%
237 Kapoera
64%
228 Malosse
64%
220 Marcacrin
64%
172 Pichu
64%
214 Scarhino
64%
174 Toudoudou
64%
191 Tournegrin
64%
201 Zarbi
64%
227 Airmure
57%
194 Axoloto
57%
225 Cadoizo
57%
190 Capumain
57%
203 Girafarig
57%
182 Joliflor
57%
218 Limagma
57%
195 Maraiste
57%
177 Natu
57%
235 Queulorior
57%
199 Roigada
57%
207 Scorplane
57%
219 Volcaropod
57%
178 Xatu
57%
213 Caratroc
50%
246 Embrylex
50%
200 Feuforève
50%
210 Granbull
50%
230 Hyporoi
50%
233 Porygon2
50%
202 Qulbutoké
50%
211 Qwilfish
50%
185 Simularbre
50%
209 Snubbul
50%
216 Teddiursa
50%
248 Tyranocif
50%
217 Ursaring
50%
247 Ymphect
50%
234 Cerfrousse
43%
222 Corayon
43%
226 Démanta
43%
232 Donphan
43%
241 Ecrémeuh
43%
205 Foretress
43%
224 Octillery
43%
231 Phanpy
43%
204 Pomdepik
43%
223 Rémoraid
43%
186 Tarpaud
43%
206 Insolourdo
36%
242 Leuphorie
36%
193 Yanma
36%
Aucun quiz correspondant
Distribution des résultats
% des personnes avec chaque résultat
Percentile par nombre de réponses
Votre historique - résultats
Vous n’avez pas pris ce quiz